Pokémon que empiezan por la letra Y - Estadísticas

Estadísticas generales
  • Esta prueba ha sido intentada 18 veces
  • La puntuación promedio es 4 de 6
Estadísticas de respuestas
Gen. Tipo Nombre % Correcto
V Fantasma Yamask
87%
IV Bicho/Volador Yanmega
87%
VI Siniestro/Volador Yveltal
80%
II Bicho/Volador Yanma
73%
VIII Eléctrico Yamper
53%
VII Normal Yungoos
53%
No se encontraron pruebas coincidentes
Distribución de puntuación
Porcentaje de gente con cada puntuación
Porcentaje por número respondido
Historial de tus puntuaciones
No has intentado esta prueba.